LEADER 01107nam2 22003011i 450 001 RML0278523 005 20231121125728.0 100 $a20121121d1976 ||||0itac50 ba 101 | $aita 102 $ait 181 1$6z01$ai $bxxxe 182 1$6z01$an 200 1 $aGrecia$fRanuccio Bianchi Bandinelli, Enrico Paribeni 210 $aTorino $cUtet $d1976 215 $a403 p.$cill.$d28 cm 461 1$1001RML0263673$12001 $a˜L'œarte dell'antichità classica$fdiretta da Ranuccio Bianchi Bandinelli 606 $aArte greca$2FIR$3RMLC003044$9N 676 $a709.014$9$v21 700 1$aBianchi Bandinelli$b, Ranuccio$3RMLV157107$033601 701 1$aParibeni$b, Enrico$3RMLV170208$0206289 801 3$aIT$bIT-01$c20121121 850 $aIT-FR0017 899 $aBiblioteca umanistica Giorgio Aprea$bFR0017 912 $aRML0278523 950 2$aBiblioteca umanistica Giorgio Aprea$d 52CIS 3/390.1$e 52VM 0000483575 VM barcode:00039366. - Inventario:16506 MAGVM$fB $h20041006$i20121204 977 $a 52 996 $aGrecia$993593 997 $aUNICAS LEADER 00926nam0 22002651i 450 001 RML0253570 005 20231121125712.0 010 $a8802050007 100 $a20121121d1996 ||||0itac50 ba 101 | $aita 102 $ait 181 1$6z01$ai $bxxxe 182 1$6z01$an 200 1 $aCodice civile annotato con la giurisprudenza$e1 210 $aTorino $cUtet $d1996 606 $aCodici E Commentari$2FIR$3RMLC376931$9I 700 1$aCendon$b, Paolo$3RMLV146639$077077 801 3$aIT$bIT-01$c20121121 850 $aIT-FR0098 899 $aBiblioteca Area Giuridico Economica$bFR0098 912 $aRML0253570 950 0$aBiblioteca Area Giuridico Economica$d 53DSG COD/CC007.1$e 53VM 0000244635 VM barcode:21645-10. - Inventario:5042VM$fA $h20010423$i20121204 977 $a 53 996 $aCodice civile annotato con la giurisprudenza$9895156 997 $aUNICAS